Statistiques concernant Dans quel club joue ces joueurs?

Cliquez ici pour prendre le quiz!

Statistiques générales

  • Ce quiz a été pris 196 fois
  • Le résultat moyen est 10 sur 12

Statistiques - réponses

Réponse% Correct
PSG
99%
PSG
99%
Liverpool
90%
PSG
90%
AC Milan
89%
Chelsea
89%
Real Madrid
89%
Real Madrid
89%
Chelsea
88%
Al-Nassr
80%
Manchester city
67%
Brest
15%

Distribution des résultats

Percentile par nombre de réponses

% des personnes avec chaque résultat

Votre développement - résultats

Vous n’avez pas pris ce quiz